Vista normal Vista MARC

Entrada Personal Name

Número de registros utilizados en: 3

001 - CONTROL NUMBER

  • control field: 10457

003 - CONTROL NUMBER IDENTIFIER

  • control field: OSt

005 - DATE AND TIME OF LATEST TRANSACTION

  • control field: 20200917221309.0

008 - FIXED-LENGTH DATA ELEMENTS

  • fixed length control field: 200917|| aca||aabn | a|a d

040 ## - CATALOGING SOURCE

  • Original cataloging agency: OSt
  • Transcribing agency: OSt

100 ## - HEADING--PERSONAL NAME

  • Personal name: Fayad, Luis

670 ## - SOURCE DATA FOUND

  • Source citation: Work cat.: (OSt)3318: Suescún, Nicolás, autor 10454, Un beso frío y otros cuentos bogotanos / , ©2000